Once Upon A Time Series 1 - Episode Titles - Statistics

General Stats
  • This quiz has been taken 180 times
  • The average score is 10 of 22
Answer Stats
Answer % Correct
Pilot
93%
Snow falls
64%
The thing you love most
54%
7:15 AM
51%
Dreamy
51%
The price of gold
48%
The stable boy
48%
Skin deep
44%
Hat trick
43%
True north
43%
Red-handed
42%
That still small voice
42%
The shepherd
42%
A land without magic
41%
The heart is a lonely hunter
40%
Desperate souls
39%
Fruit of the poisonous tree
37%
The stranger
37%
What happened to Frederick
37%
Heart of darkness
35%
The return
34%
An apple red as blood
31%
No matching quizzes found
Score Distribution
Percent of People with Each Score
Percentile by Number Answered
Your Score History
You have not taken this quiz